Vista normal
Vista MARC
- Coreògrafs de danses populars i nacionals
Entrada Terme temàtic
Número de registros utilizados en: 1
001 - NÚMERO DE CONTROL
- campo de control: 169449
003 - IDENTIFICADOR DEL NÚMERO DE CONTROL
- campo de control: ES-BaIT
005 - FECHA Y HORA DE LA ÚLTIMA TRANSACCIÓN
- campo de control: 20260507150527.0
008 - DATOS DE LONGITUD FIJA
- campo de control de longitud fija: 260507|| aca||babn | a|a d
040 ## - FUENTE DE LA CATALOGACIÓN
- Centro catalogador/agencia de origen: ES-BaIT
150 ## - ENCABEZAMIENTO--TÉRMINO DE MATERIA
- Término de materia o nombre geográfico como elemento de entrada: Coreògrafs de danses populars i nacionals
- Subdivisión geográfica: Catalunya


